Don Quijote de la Mancha / (Registro nro. 7181)
[ vista simple ]
| 000 -LIDER | |
|---|---|
| fixed length control field | 00846nam a2200265 a 4500 |
| 001 - NÚMERO DE CONTROL | |
| Identificador de número de control | 000025097 |
| 003 - IDENTIFICACDOR DE NÚMERO DE CONTROL | |
| control field | 000025097 |
| 005 - DATE AND TIME OF LATEST TRANSACTION | |
| control field | 20220712105201.0 |
| 008 - ELEMENTOS DE LONGITUD FIJA | |
| fixed length control field | 110210s1996 dr a 000 0 spa d |
| 040 ## - FUENTE DE CATALOGACIÓN | |
| Agencia que crea de manera original el registro | BPMSU |
| Idioma de catalogación | spa |
| Agencia que realiza la transcripción | BPMSU |
| 082 04 - NÚMERO DE CLASIFICACIÓN DECIMAL DE DEWEY | |
| Classification number | 863.3 |
| Item number | C419d 1996 |
| Edition number | 22 |
| 100 1# - ASIENTO PRINCIPAL -- NOMBRE PERSONAL | |
| Nombre personal | Cervantes, Miguel de |
| Fechas asociadas con el nombre | 1547-1616. |
| 240 ## - TITULO UNIFORME | |
| Título uniforme | |
| 245 10 - MENCIÓN DE TITULO | |
| Título | Don Quijote de la Mancha / |
| Mención de responsabilidad | Miguel de Cervantes ; presentación Avelino Stanley |
| 260 ## - PUBLICACIÓN, DISTRIBUCIÓN, ETC. (PIE DE IMPRENTA) | |
| Lugar de publicación, distribución, etc | Santo Domingo : |
| Nombre del editor, distribuidor, etc. | Susaeta, |
| Fecha de publicación, distribución, etc | 1996. |
| 300 ## - DESCRIPCIÓN FÍSICA | |
| Extensión | 256 p. : |
| Otros detalles físicos | il. ; |
| Dimensiones | 22 cm. |
| 490 0# - MENCIÓN DE SERIES | |
| Mención de serie | Biblioteca Susaeta |
| 600 14 - ENCABEZAMIENTO DE MATERIA--NOMBRE PERSONAL | |
| Nombre personal | Cervantes Saavedra, Miguel de 1547-1616 |
| Fechas asociadas con el nombre | 1547-1616 |
| Título de una obra | Don Quijote de la Mancha |
| 650 #4 - ENCABEZAMIENTO DE MATERIA--TEMÁTICO | |
| Término temático o nombre geográfico como elemento de entrada | Novela espñola |
| 650 #4 - ENCABEZAMIENTO DE MATERIA--TEMÁTICO | |
| Término temático o nombre geográfico como elemento de entrada | Literatura espñola |
| 650 #4 - ENCABEZAMIENTO DE MATERIA--TEMÁTICO | |
| Término temático o nombre geográfico como elemento de entrada | |
| 700 1# - ASIENTO SECUNDARIO -- NOMBRE PERSONAL | |
| Nombre personal | Stanley, Avelino |
| Mención de responsabilidad | presentación |
| 910 ## - VALIDACIÓN | |
| Validación | VMateo V. /Validado. Control de calidad MFF |
| 942 ## - ADDED ENTRY ELEMENTS (KOHA) | |
| Source of classification or shelving scheme | Dewey Decimal Classification |
| Koha item type | Libros |
| Withdrawn status | Lost status | Source of classification or shelving scheme | Damaged status | Not for loan | Collection code | Home library | Current library | Date acquired | Full call number | Barcode | Date last seen | Price effective from | Koha item type | Copy number |
|---|---|---|---|---|---|---|---|---|---|---|---|---|---|---|
| Dewey Decimal Classification | Colección Dominicana | Biblioteca Pública Metropolitana Salomé Ureña | Biblioteca Pública Metropolitana Salomé Ureña | 07/16/2014 | BPMSU CD 863.3 C419d 1996 | BPMSU15040610 | 07/16/2014 | 07/16/2014 | Libros | |||||
| Dewey Decimal Classification | Colección Dominicana | Biblioteca Pública Metropolitana Salomé Ureña | Biblioteca Pública Metropolitana Salomé Ureña | 07/16/2014 | BPMSU CD 863.3 C419d 1996 | BPMSU15040611 | 07/16/2014 | Libros | e. 2 | |||||
| Dewey Decimal Classification | Colección Dominicana | Biblioteca Pública Metropolitana Salomé Ureña | Biblioteca Pública Metropolitana Salomé Ureña | 02/24/2015 | BPMSU CD 863.3 C419d 1996 | BPMSU15040612 | 02/24/2015 | 02/24/2015 | Libros | e. 3 |